00667nam a2200181 a 45000010005000000030009000050080041000140400028000550820017000831000025001002450024001252500007001492600047001563000010002035050233002136500014004466500025004601534CO-ViMGA141112s2004 ck r 000 u spa d aCO-ViMGAbspacCO-ViMGA04a618.92 P517m1 aPlata Rueda, Ernesto10aPreguntas de madres a3a aBogotá : bMedica PanAméricana, c1989 a283 p aCrecimiento, desarrollo y sus alteraciones 34 - - Vacunas y enfermedades infecciosas 102 - - La infección respiratoria aguda 121 - - Errores en la crianza emocional de los niños 164 - - Afecciones e higuiene en la piel 204 14aPEDIATRIA14aSALUD DE LOS NIÑOS